Statistics for A Vocabulary Words Quiz #2

Click here to take the quiz!

General Stats

  • This quiz has been taken 34,329 times
    (12,352 since last reset)
  • The average score is 14 of 20

Answer Stats

Definition Word % Correct
Large South American snakeAnaconda
91%
Loss of memoryAmnesia
90%
Japanese animation styleAnime
90%
FarmingAgriculture
85%
Poison remedyAntidote
84%
Equally proficient with either handAmbidextrous
83%
Adversary of a protagonistAntagonist
82%
Examination to determine cause of deathAutopsy
82%
Counting device that uses beadsAbacus
80%
1/640th of a square mileAcre
77%
To resign as monarchAbdicate
71%
To refrain from votingAbstain
71%
Purple quartzAmethyst
70%
This symbol: &Ampersand
68%
Word scrambleAnagram
59%
Cannon-like weaponsArtillery
57%
GhostApparition
56%
Professional who calculates insurance riskActuary
36%
Stance with hands on hipsAkimbo
28%
Godly love, as opposed to philia or erosAgape
22%

Score Distribution

Percentile by Number Answered

Percent of People with Each Score

Your Score History

You have not taken this quiz since the last reset